[Event "RUS-chT2"]
[Site "Sochi"]
[Date "2025.05.02"]
[Round "6.2"]
[White "Rostovtsev, Dmitry"]
[Black "Gadzhiev, Ruslan"]
[Result "1-0"]
[WhiteElo "2321"]
[BlackElo "2169"]
[PlyCount "51"]
[EventDate "2025.04.26"]
[EventType "team-swiss"]
[EventRounds "9"]
[EventCountry "RUS"]
[SourceTitle "CB19_2025"]
[SourceDate "2025.05.07"]
[SourceVersion "1"]
[SourceVersionDate "2025.05.07"]
[SourceQuality "1"]
[WhiteTeam "Moscow Formula Shakhmat"]
[BlackTeam "Dagestan Molodezh"]
[WhiteTeamCountry "RUS"]
[BlackTeamCountry "RUS"]

1. e4 e6 2. d4 d5 3. e5 c5 4. c3 Qb6 5. Nf3 Nc6 6. Be2 cxd4 7. cxd4 Nh6 8. Bxh6 Qxb2 9. Nbd2 gxh6 10. 0-0 Nxd4 11. Rb1 Qc3 12. Nxd4 Qxd4 13. Bb5+ Kd8 14. Qf3 Be7 15. Nc4 Qe4 16. Qc3 Rg8 17. g3 Bc5 18. Nd6 Qd4 19. Qc2 Rf8 20. Rbd1 Qb4 21. a3 Qxa3 22. Ra1 Bxd6 23. Rxa3 Bxa3 24. Ra1 Bb4 25. Rc1 Ba5 26. Qc5 1-0

[Event "Titled Tuesday intern op 01st Apr Early"]
[Site "Chess.com INT"]
[Date "2025.04.01"]
[Round "8"]
[White "Gadzhiev, Ruslan"]
[Black "Domingo Nunez, Ruben"]
[Result "0-1"]
[WhiteElo "2121"]
[BlackElo "2414"]
[PlyCount "96"]
[EventDate "2025.04.01"]
[EventType "swiss (blitz)"]
[EventRounds "11"]
[EventCountry "USA"]
[SourceTitle "CB15_2025"]
[SourceDate "2025.04.09"]
[SourceVersion "1"]
[SourceVersionDate "2025.04.09"]
[SourceQuality "1"]

1. e4 g6 2. d4 Bg7 3. Nf3 c6 4. Bc4 d5 5. exd5 cxd5 6. Bd3 Bg4 7. c3 Nc6 8. 0-0 Nh6 9. h3 Bxf3 10. Qxf3 e6 11. Bf4 0-0 12. Nd2 Nf5 13. Rfe1 Qb6 14. Rab1 Rac8 15. Qe2 Rfe8 16. Nf3 f6 17. Bxf5 exf5 18. Qxe8+ Rxe8 19. Rxe8+ Kf7 20. Re2 g5 21. Bd6 Qb5 22. Rbe1 h5 23. Ba3 Na5 24. b3 Qd3 25. Rd2 Qb5 26. Re7+ Kg6 27. Re6 Kh7 28. Rde2 Qd3 29. R6e3 Qb1+ 30. Ne1 f4 31. Re7 Kg6 32. Kf1 Bf8 33. Rb2 Qa1 34. Rc2 Bxe7 35. Bxe7 Qd1 36. f3 Nc6 37. Ba3 Nd8 38. Kf2 Ne6 39. Re2 Ng7 40. Rc2 Nf5 41. Re2 Ng3 42. Rc2 Nf5 43. Re2 Ne3 44. g4 hxg4 45. hxg4 Kf7 46. Bb4 Qb1 47. Ba3 Qh7 48. Bc1 Qh2+ 0-1

[Event "Titled Tuesday intern op 01st Apr Early"]
[Site "Chess.com INT"]
[Date "2025.04.01"]
[Round "6"]
[White "Le, Minh Hoang"]
[Black "Gadzhiev, Ruslan"]
[Result "1-0"]
[WhiteElo "2193"]
[BlackElo "2121"]
[PlyCount "69"]
[EventDate "2025.04.01"]
[EventType "swiss (blitz)"]
[EventRounds "11"]
[EventCountry "USA"]
[SourceTitle "CB15_2025"]
[SourceDate "2025.04.09"]
[SourceVersion "1"]
[SourceVersionDate "2025.04.09"]
[SourceQuality "1"]

1. e4 e6 2. d4 d5 3. Nc3 Bb4 4. exd5 exd5 5. Bd3 Nf6 6. Nf3 0-0 7. 0-0 Bg4 8. h3 Bh5 9. Bg5 c6 10. Bh4 Bd6 11. Bg3 Bxg3 12. fxg3 Bxf3 13. Rxf3 Nbd7 14. Ne2 Qb6 15. b3 Rfe8 16. Kh2 Re7 17. c3 Rae8 18. Qc2 h6 19. Raf1 c5 20. R3f2 cxd4 21. Nxd4 Nc5 22. Nf5 Re6 23. Rf3 Nxd3 24. Qxd3 a5 25. Qd2 a4 26. bxa4 Qa6 27. Qd4 Re4 28. Nxh6+ Kh7 29. Qd2 Re2 30. Qg5 Ne4 31. Qf5+ Kxh6 32. Rf4 Rxg2+ 33. Kxg2 Qe2+ 34. R1f2 Nxf2 35. Rh4+ 1-0

[Event "Titled Tuesday intern op 01st Apr Early"]
[Site "Chess.com INT"]
[Date "2025.04.01"]
[Round "11"]
[White "Wanyama, Harold"]
[Black "Gadzhiev, Ruslan"]
[Result "0-1"]
[WhiteElo "2135"]
[BlackElo "2121"]
[PlyCount "48"]
[EventDate "2025.04.01"]
[EventType "swiss (blitz)"]
[EventRounds "11"]
[EventCountry "USA"]
[SourceTitle "CB15_2025"]
[SourceDate "2025.04.09"]
[SourceVersion "1"]
[SourceVersionDate "2025.04.09"]
[SourceQuality "1"]

1. d4 d5 2. c4 e6 3. g3 Nf6 4. Bg2 Be7 5. Nf3 0-0 6. 0-0 c5 7. dxc5 Bxc5 8. Qc2 Bb6 9. Nc3 h6 10. Rd1 Nc6 11. cxd5 exd5 12. a3 Re8 13. Bf4 Bg4 14. Qb3 Bxf3 15. exf3 Nd4 16. Qa2 Rc8 17. Kh1 Ne2 18. Nxd5 Nxd5 19. Rxd5 Qf6 20. Rad1 Nxf4 21. gxf4 Qxf4 22. b4 Bc7 23. Rh5 Rcd8 24. Rxd8 Qc1+ 0-1

[Event "Titled Tuesday intern op 25th Mar Early"]
[Site "Chess.com INT"]
[Date "2025.03.25"]
[Round "9"]
[White "Gadzhiev, Ruslan"]
[Black "Arakelyan, Manvel"]
[Result "0-1"]
[WhiteElo "2121"]
[BlackElo "2282"]
[PlyCount "104"]
[EventDate "2025.03.25"]
[EventType "swiss (blitz)"]
[EventRounds "11"]
[EventCountry "USA"]
[SourceTitle "CB14_2025"]
[SourceDate "2024.11.01"]
[SourceVersion "1"]
[SourceVersionDate "2024.11.01"]
[SourceQuality "1"]

1. e4 c5 2. Nf3 Nc6 3. d4 cxd4 4. Nxd4 Nf6 5. Nc3 e5 6. Ndb5 d6 7. Bg5 a6 8. Na3 b5 9. Nd5 Be7 10. Bxf6 Bxf6 11. c3 Rb8 12. Nc2 Bg5 13. Be2 0-0 14. 0-0 Be6 15. Qd3 Ne7 16. Ncb4 Qc8 17. Rad1 a5 18. Nxe7+ Bxe7 19. Nd5 Bg5 20. Qg3 Qd8 21. a3 Kh8 22. Qd3 Qd7 23. Kh1 f5 24. Bf3 f4 25. Qe2 Bd8 26. Rd3 Qf7 27. Bg4 Bxd5 28. Rxd5 b4 29. axb4 axb4 30. c4 Bb6 31. Rxd6 Bd4 32. b3 Ra8 33. Qd2 Qb7 34. Qd3 Ra2 35. Bf5 g6 36. Rd7 Qc6 37. Qh3 h5 38. Qh4 Qf6 39. Qh3 Rxf2 40. Rxf2 Bxf2 41. Be6 Ra8 42. Rd1 Bd4 43. Bd5 Rb8 44. Qf3 Kg7 45. g3 fxg3 46. Qxf6+ Kxf6 47. hxg3 Kg5 48. Kg2 Rf8 49. Rf1 Rd8 50. Rf7 Rd6 51. Rc7 Ra6 52. c5 Kg4 0-1

[Event "Titled Tuesday intern op 25th Mar Early"]
[Site "Chess.com INT"]
[Date "2025.03.25"]
[Round "5"]
[White "Gadzhiev, Ruslan"]
[Black "Moussard, Jules"]
[Result "0-1"]
[WhiteElo "2121"]
[BlackElo "2592"]
[PlyCount "74"]
[EventDate "2025.03.25"]
[EventType "swiss (blitz)"]
[EventRounds "11"]
[EventCountry "USA"]
[SourceTitle "CB14_2025"]
[SourceDate "2024.11.01"]
[SourceVersion "1"]
[SourceVersionDate "2024.11.01"]
[SourceQuality "1"]

1. e4 c5 2. Nf3 d6 3. d4 cxd4 4. Nxd4 Nf6 5. Nc3 a6 6. Be2 e6 7. 0-0 Be7 8. Be3 0-0 9. Re1 Qc7 10. a4 b6 11. f4 Bb7 12. Bf3 Nc6 13. Nb3 Nd7 14. Qd2 Nc5 15. Qf2 Nb4 16. a5 Nxb3 17. Bxb6 Qd7 18. Rad1 Nxa5 19. Bxa5 Nc6 20. Bb6 Qc8 21. Be3 Rb8 22. Na4 Ba8 23. Nb6 Qc7 24. Nxa8 Rxa8 25. c3 a5 26. Rd2 a4 27. Kh1 Rfb8 28. Ra1 a3 29. bxa3 Na5 30. Bd4 Nb3 31. Rad1 Nxd2 32. Qxd2 e5 33. Be3 Rxa3 34. fxe5 dxe5 35. c4 Rd8 36. Qe2 Rxd1+ 37. Qxd1 Rxe3 0-1

[Event "Titled Tuesday intern op 04th Mar Early"]
[Site "Chess.com INT"]
[Date "2025.03.04"]
[Round "9"]
[White "Zhu, Jiner"]
[Black "Gadzhiev, Ruslan"]
[Result "0-1"]
[WhiteElo "2514"]
[BlackElo "2121"]
[PlyCount "82"]
[EventDate "2025.03.04"]
[EventType "swiss (blitz)"]
[EventRounds "11"]
[EventCountry "USA"]
[SourceTitle "CB11_2025"]
[SourceDate "2025.03.12"]
[SourceVersion "1"]
[SourceVersionDate "2025.03.12"]
[SourceQuality "1"]

1. Nf3 d5 2. d4 Nf6 3. Bf4 Bf5 4. e3 e6 5. Bd3 Bg6 6. 0-0 Bd6 7. Bxd6 Qxd6 8. c4 0-0 9. Nc3 c6 10. Rc1 Nbd7 11. b3 Rad8 12. Qe2 Rfe8 13. Rfd1 Qb8 14. e4 dxe4 15. Nxe4 Nxe4 16. Bxe4 Qf4 17. Bxg6 hxg6 18. g3 Qg4 19. Kg2 Nf6 20. h3 Qh5 21. Qe3 Qa5 22. Rd2 Rd6 23. Rcd1 Red8 24. Qf4 Qf5 25. Qe3 Qe4 26. Re1 Qf5 27. Red1 a6 28. a4 Qa5 29. Qf4 Qf5 30. Qe3 b5 31. axb5 axb5 32. c5 R6d7 33. Ne5 Rc7 34. Re1 Nd5 35. Qe2 Ne7 36. Rd3 f6 37. Nf3 e5 38. g4 Qd7 39. dxe5 Qxd3 40. exf6 Qxe2 41. Rxe2 gxf6 0-1

[Event "Titled Tuesday intern op 25th Feb Early"]
[Site "Chess.com INT"]
[Date "2025.02.25"]
[Round "7"]
[White "Ashraf, Artin"]
[Black "Gadzhiev, Ruslan"]
[Result "1/2-1/2"]
[WhiteElo "2407"]
[BlackElo "2219"]
[PlyCount "187"]
[EventDate "2025.02.25"]
[EventType "swiss (blitz)"]
[EventRounds "11"]
[EventCountry "USA"]
[SourceTitle "CB10_2025"]
[SourceDate "2025.03.05"]
[SourceVersion "1"]
[SourceVersionDate "2025.03.05"]
[SourceQuality "1"]

1. e4 e6 2. Nf3 d5 3. Nc3 d4 4. Ne2 c5 5. Ng3 Nc6 6. Bb5 Bd7 7. 0-0 Nf6 8. d3 a6 9. Bxc6 Bxc6 10. Ne5 Qc7 11. Nxc6 Qxc6 12. a4 Be7 13. a5 c4 14. Bg5 0-0 15. Ne2 Qc5 16. Bh4 Rfd8 17. Ra4 cxd3 18. cxd3 e5 19. f4 Ng4 20. Bf2 Nxf2 21. Rxf2 exf4 22. Nxf4 Bg5 23. g3 Rac8 24. Kg2 Bxf4 25. Rxf4 Qb5 26. Rf2 Rd7 27. Ra1 h6 28. Qa4 Rc5 29. b4 Qxa4 30. Rxa4 Rc3 31. Rd2 Rb3 32. Kf2 Kf8 33. Ke2 Ke7 34. Rc2 Ke6 35. h4 f5 36. exf5+ Kxf5 37. Raa2 Kg4 38. Kf2 Rxd3 39. Rd2 Rf7+ 40. Ke2 Re3+ 41. Kd1 Rf1+ 42. Kc2 d3+ 43. Kc3 Rxg3 44. Rab2 Rc1+ 45. Kd4 Rc8 46. b5 Kxh4 47. bxa6 bxa6 48. Rb6 Rd8+ 49. Ke4 Re8+ 50. Kd4 Re2 51. Rxd3 Rxd3+ 52. Kxd3 Ra2 53. Rxa6 h5 54. Rg6 Rxa5 55. Rxg7 Ra3+ 56. Ke2 Kh3 57. Kf2 h4 58. Rh7 Rg3 59. Kf1 Rg4 60. Rf7 Kg3 61. Kg1 Ra4 62. Rf1 Ra2 63. Kh1 Rh2+ 64. Kg1 Rg2+ 65. Kh1 Ra2 66. Rg1+ Kh3 67. Re1 Ra3 68. Rf1 Kg3 69. Rg1+ Kf2 70. Rg2+ Kf1 71. Kh2 Rf3 72. Ra2 h3 73. Ra1+ Ke2 74. Ra2+ Kd1 75. Rb2 Kc1 76. Ra2 Kb1 77. Re2 Kc1 78. Ra2 Rb3 79. Rf2 Kd1 80. Rf8 Ke1 81. Rf7 Ke2 82. Rf8 Ke3 83. Kxh3 Ke4+ 84. Kg4 Rb1 85. Re8+ Kd5 86. Kf3 Rf1+ 87. Ke2 Rb1 88. Kd3 Rb3+ 89. Kc2 Rh3 90. Rd8+ Kc4 91. Rc8+ Kb5 92. Rd8 Kc6 93. Rd3 Rxd3 94. Kxd3 1/2-1/2

[Event "Titled Tuesday intern op 25th Feb Early"]
[Site "Chess.com INT"]
[Date "2025.02.25"]
[Round "3"]
[White "Gadzhiev, Ruslan"]
[Black "Zhauynbay, Aldiyar"]
[Result "0-1"]
[WhiteElo "2219"]
[BlackElo "2109"]
[PlyCount "46"]
[EventDate "2025.02.25"]
[EventType "swiss (blitz)"]
[EventRounds "11"]
[EventCountry "USA"]
[SourceTitle "CB10_2025"]
[SourceDate "2025.03.05"]
[SourceVersion "1"]
[SourceVersionDate "2025.03.05"]
[SourceQuality "1"]

1. e4 d6 2. d4 Nf6 3. Nc3 g6 4. Nf3 Bg7 5. Bc4 0-0 6. Qe2 Nc6 7. e5 dxe5 8. dxe5 Ng4 9. Bf4 Nd4 10. Qe4 c5 11. Nxd4 cxd4 12. Nd5 Bf5 13. Qe2 e6 14. Nb4 Qa5 15. Bd2 Qxe5 16. h3 Qxe2+ 17. Bxe2 Ne5 18. Bf4 a5 19. Nd3 Nxd3+ 20. cxd3 e5 21. Bg3 e4 22. dxe4 Bxe4 23. Rg1 d3 0-1

[Event "Titled Tuesday intern op 11th Feb Early"]
[Site "Chess.com INT"]
[Date "2025.02.11"]
[Round "7"]
[White "Chernobay, Artem"]
[Black "Gadzhiev, Ruslan"]
[Result "0-1"]
[WhiteElo "2454"]
[BlackElo "2219"]
[PlyCount "42"]
[EventDate "2025.02.11"]
[EventType "swiss (blitz)"]
[EventRounds "11"]
[EventCountry "USA"]
[SourceTitle "CB09_2025"]
[SourceDate "2025.02.27"]
[SourceVersion "1"]
[SourceVersionDate "2025.02.27"]
[SourceQuality "1"]

1. d4 d5 2. c4 e6 3. Nc3 Nf6 4. cxd5 exd5 5. Bg5 Be7 6. e3 c6 7. Bd3 0-0 8. Qc2 Nbd7 9. Nge2 Re8 10. 0-0 Nf8 11. Rab1 h6 12. Bh4 a5 13. Rbd1 b5 14. f3 Ne6 15. Qd2 Bb7 16. h3 Rc8 17. Bf2 Bf8 18. e4 b4 19. Na4 dxe4 20. fxe4 c5 21. e5 Qd5 0-1

[Event "RUS Cup tt"]
[Site "Sochi"]
[Date "2024.11.30"]
[Round "4.18"]
[White "Rodin, Dmitrij"]
[Black "Gadzhiev, Ruslan"]
[Result "1/2-1/2"]
[WhiteElo "2321"]
[BlackElo "2107"]
[PlyCount "82"]
[EventDate "2024.11.27"]
[EventType "team-swiss"]
[EventRounds "7"]
[EventCountry "RUS"]
[SourceTitle "CB50_2024"]
[SourceDate "2024.11.01"]
[SourceVersion "1"]
[SourceVersionDate "2024.11.01"]
[SourceQuality "2"]
[WhiteTeam "Voronezh"]
[BlackTeam "Dagestan Youth"]
[WhiteTeamCountry "RUS"]
[BlackTeamCountry "RUS"]

1. e4 e6 2. d4 d5 3. Nd2 Nf6 4. e5 Nfd7 5. c3 c5 6. Bd3 Nc6 7. Ne2 cxd4 8. cxd4 f6 9. exf6 Nxf6 10. Nf3 Bd6 11. 0-0 0-0 12. Bf4 Bxf4 13. Nxf4 Ne4 14. Qc1 Ng5 15. Nxg5 Qxg5 16. Ne2 Qf6 17. Qd2 e5 18. dxe5 Nxe5 19. Nd4 Bd7 20. Rad1 Kh8 21. b3 Qh4 22. Be2 Qf6 23. Qb4 Bc6 24. f4 Nf7 25. g3 Nd6 26. Bf3 Rfe8 27. Rfe1 h6 28. Qc5 Nf5 29. Nxf5 Qxf5 30. Rxe8+ Rxe8 31. Qxa7 Qc2 32. Qf2 Qc3 33. Bg2 Bb5 34. Bf1 Bxf1 35. Kxf1 Qc6 36. Qd4 Qa6+ 37. Kg1 Qxa2 38. Qxd5 Qc2 39. Qd7 Re3 40. b4 Qe4 41. Qd2 b5 1/2-1/2

[Event "RUS Cup tt"]
[Site "Sochi"]
[Date "2024.11.28"]
[Round "2.18"]
[White "Gadzhiev, Ruslan"]
[Black "Lisenkov, Svyatoslav"]
[Result "1-0"]
[WhiteElo "2107"]
[BlackElo "2153"]
[PlyCount "203"]
[EventDate "2024.11.27"]
[EventType "team-swiss"]
[EventRounds "7"]
[EventCountry "RUS"]
[SourceTitle "CB50_2024"]
[SourceDate "2024.11.01"]
[SourceVersion "1"]
[SourceVersionDate "2024.11.01"]
[SourceQuality "2"]
[WhiteTeam "Dagestan Youth"]
[BlackTeam "Primakov Gymnasium"]
[WhiteTeamCountry "RUS"]
[BlackTeamCountry "RUS"]

1. e4 c5 2. Nf3 d6 3. d4 cxd4 4. Nxd4 Nf6 5. Nc3 a6 6. Be2 e5 7. Nb3 Be7 8. 0-0 0-0 9. Be3 Be6 10. Re1 Qc7 11. h3 Nbd7 12. a4 Nb6 13. a5 Nc4 14. Bxc4 Qxc4 15. Bg5 Rfd8 16. Qf3 h6 17. Bxf6 Bxf6 18. Red1 Rac8 19. Ra4 Qc7 20. Rb4 Qb8 21. Qe2 Qc7 22. Qd3 Bc4 23. Qe3 Rd7 24. Na4 Bg5 25. Qf3 Bxb3 26. Qxb3 Rb8 27. Nb6 Rdd8 28. Rc4 Qe7 29. Rc3 h5 30. Rcd3 Qf8 31. Nc4 Be7 32. Ne3 Rd7 33. Nf5 g6 34. Rg3 Kh7 35. Ne3 Bd8 36. Nc4 Bc7 37. Rgd3 Qe7 38. Rd5 Rdd8 39. Qa3 Rbc8 40. c3 Kg7 41. Nxd6 Bxd6 42. Rxd6 Rxd6 43. Qxd6 Kf8 44. Rd5 f6 45. Qb6 Rc6 46. Qe3 Kg7 47. Qd3 Rc7 48. Rd8 Qf7 49. Qd6 Qe7 50. Qd5 Qf7 51. Kf1 Qxd5 52. Rxd5 Kf7 53. Rd6 Rc5 54. Rd7+ Ke6 55. Rxb7 Rxa5 56. h4 Ra4 57. Rb6+ Kf7 58. b4 Ra2 59. g3 Rc2 60. Rc6 f5 61. exf5 gxf5 62. Rxa6 Rxc3 63. Rh6 Rb3 64. Rb6 Rb2 65. b5 e4 66. Rb8 Kg7 67. b6 Kh7 68. b7 Kg7 69. Ke1 Kh7 70. Kd1 Kg7 71. Kc1 Rb6 72. Kd2 Rb3 73. Kc2 Rb6 74. Kc3 Rb1 75. Kc4 Rb2 76. Kd5 Kh7 77. Rf8 Rxb7 78. Rxf5 Kg6 79. Rg5+ Kh6 80. Kxe4 Rf7 81. Rf5 Re7+ 82. Re5 Rf7 83. Re6+ Kg7 84. f4 Rb7 85. f5 Rb4+ 86. Kf3 Ra4 87. Re4 Ra1 88. Kf4 Rg1 89. Re3 Kf6 90. Re6+ Kg7 91. Rg6+ Kh7 92. Rg5 Kh6 93. f6 Kh7 94. Ke5 Rf1 95. Rxh5+ Kg6 96. Rg5+ Kf7 97. Rg7+ Kf8 98. Ra7 Rg1 99. Kf4 Kg8 100. g4 Rf1+ 101. Kg5 Kf8 102. Kg6 1-0

[Event "Chigorin Memorial 31st"]
[Site "St Petersburg"]
[Date "2024.10.30"]
[Round "5"]
[White "Gadzhiev, Ruslan"]
[Black "Afanasiev, Nikita"]
[Result "1/2-1/2"]
[WhiteElo "2107"]
[BlackElo "2533"]
[PlyCount "100"]
[EventDate "2024.10.26"]
[EventType "swiss"]
[EventRounds "9"]
[EventCountry "RUS"]
[SourceTitle "CB45_2024"]
[Source "ChessBase"]
[SourceDate "2024.11.06"]
[SourceVersion "1"]
[SourceVersionDate "2024.11.06"]
[SourceQuality "1"]

1. e4 c5 2. Nf3 e6 3. d4 cxd4 4. Nxd4 a6 5. Nc3 b5 6. Bd3 Qb6 7. Nf3 Qc7 8. 0-0 Bb7 9. Re1 Bc5 10. Be3 Bxe3 11. Rxe3 b4 12. Ne2 Nf6 13. h3 d6 14. Ng3 Nbd7 15. Qe1 Qb6 16. e5 dxe5 17. Nxe5 Nxe5 18. Rxe5 0-0 19. Nh5 Nd7 20. Rg5 g6 21. Rd1 Rad8 22. Bxa6 f6 23. Bc4 fxg5 24. Bxe6+ Rf7 25. Rxd7 Rdxd7 26. Nf6+ Kg7 27. Nxd7 Qc6 28. f3 Rxd7 29. Bxd7 Qxd7 30. Qxb4 Qc7 31. c4 Bc8 32. b3 h5 33. Qd2 Kf7 34. Qxg5 Qa7+ 35. Kh2 Qxa2 36. Qf4+ Bf5 37. Qc7+ Ke6 38. Qc6+ Ke7 39. Qc5+ Kd7 40. Qd4+ Ke6 41. b4 Qe2 42. Qd5+ Kf6 43. b5 Qe5+ 44. Qxe5+ Kxe5 45. g4 Bc8 46. Kg3 hxg4 47. fxg4 g5 48. h4 gxh4+ 49. Kxh4 Kd4 50. g5 Ke5 1/2-1/2

[Event "Chigorin Memorial 31st"]
[Site "St Petersburg"]
[Date "2024.10.29"]
[Round "4"]
[White "Levin, Evgeny A"]
[Black "Gadzhiev, Ruslan"]
[Result "1/2-1/2"]
[WhiteElo "2469"]
[BlackElo "2107"]
[PlyCount "88"]
[EventDate "2024.10.26"]
[EventType "swiss"]
[EventRounds "9"]
[EventCountry "RUS"]
[SourceTitle "CB45_2024"]
[Source "ChessBase"]
[SourceDate "2024.11.06"]
[SourceVersion "1"]
[SourceVersionDate "2024.11.06"]
[SourceQuality "1"]

1. Nf3 d5 2. b3 Nf6 3. Bb2 e6 4. c4 Be7 5. g3 0-0 6. Bg2 c5 7. cxd5 exd5 8. d4 Nc6 9. 0-0 Ne4 10. Nc3 Bf6 11. Na4 b5 12. Nxc5 Nxc5 13. Rc1 Nxb3 14. Qxb3 Na5 15. Qxb5 Nc4 16. Bc3 Be6 17. Ne5 Rb8 18. Qa4 Bxe5 19. dxe5 d4 20. Ba1 d3 21. exd3 Qxd3 22. Rfd1 Qe2 23. Bf1 Nb6 24. Qxa7 Qxa2 25. Qxa2 Bxa2 26. Bd4 Be6 27. Bc5 Rfc8 28. f4 h5 29. Bf2 Nd5 30. Rxc8+ Rxc8 31. Ba6 Rc7 32. Be2 g6 33. Bf3 Ne7 34. Bb6 Rc3 35. Be4 Nf5 36. Bd8 Ne3 37. Ra1 Kh7 38. Bf6 Ng4 39. Bh4 Rc8 40. Bg5 Rc4 41. Re1 Ra4 42. Be7 Ra2 43. Bg2 Nf2 44. Rf1 Nh3+ 1/2-1/2

[Event "RUS-ch Blitz"]
[Site "Sochi"]
[Date "2024.10.14"]
[Round "7"]
[White "Gadzhiev, Ruslan"]
[Black "Korchmar, Vasiliy"]
[Result "1-0"]
[WhiteElo "2107"]
[BlackElo "2429"]
[PlyCount "139"]
[EventDate "2024.10.14"]
[EventType "swiss (blitz)"]
[EventRounds "13"]
[EventCountry "RUS"]
[SourceTitle "CB43_2024"]
[Source "Chessbase"]
[SourceDate "2024.10.23"]
[SourceVersion "1"]
[SourceVersionDate "2024.10.23"]
[SourceQuality "1"]

1. e4 c5 2. Nf3 d6 3. d4 cxd4 4. Nxd4 Nf6 5. Nc3 g6 6. Bc4 Bg7 7. Bb3 Nc6 8. f3 Nxd4 9. Qxd4 0-0 10. Qd1 Be6 11. 0-0 Rc8 12. Be3 a6 13. Qd2 Nd7 14. Kh1 Ne5 15. Bd4 b5 16. Rfe1 h5 17. Rad1 Kh7 18. Qf2 Qc7 19. Re2 Qc6 20. h3 Bh6 21. f4 Nc4 22. f5 Bd7 23. Nd5 Rce8 24. fxg6+ fxg6 25. Qg3 Be6 26. Bc3 a5 27. Bxc4 Qxc4 28. Ree1 b4 29. Bd4 Qxc2 30. Be3 Bg7 31. Rc1 Qxb2 32. Nc7 Bxa2 33. Nxe8 Rxe8 34. Qf3 Rf8 35. Qg3 Qe5 36. Qh4 Bf6 37. Qf2 Be6 38. Rc7 Rf7 39. Qd2 b3 40. Ra7 Qc3 41. Rxa5 b2 42. Rb5 Be5 43. Rxe5 Qxe5 44. Bd4 Qb5 45. Bxb2 Qc4 46. Bc1 Qb3 47. Qh6+ Kg8 48. Qxg6+ Rg7 49. Qe8+ Kh7 50. Qxh5+ Kg8 51. Rg1 Bf7 52. Qh4 Qe6 53. Bb2 Rh7 54. Qg3+ Bg6 55. Ra1 Qxe4 56. Kh2 e5 57. Rd1 Rd7 58. Bxe5 d5 59. Bd4 Kh7 60. Rd2 Rf7 61. Bf2 Rd7 62. Rd4 Qf5 63. Rh4+ Kg8 64. Bd4 Re7 65. Rf4 Qd3 66. Qg5 Re6 67. Qd8+ Be8 68. Rg4+ Kf7 69. Qg5 Qh7 70. Rf4+ 1-0

[Event "RUS-ch Blitz"]
[Site "Sochi"]
[Date "2024.10.14"]
[Round "9"]
[White "Gadzhiev, Ruslan"]
[Black "Kryakvin, Dmitry"]
[Result "1-0"]
[WhiteElo "2107"]
[BlackElo "2462"]
[PlyCount "103"]
[EventDate "2024.10.14"]
[EventType "swiss (blitz)"]
[EventRounds "13"]
[EventCountry "RUS"]
[SourceTitle "CB43_2024"]
[Source "Chessbase"]
[SourceDate "2024.10.23"]
[SourceVersion "1"]
[SourceVersionDate "2024.10.23"]
[SourceQuality "1"]

1. e4 c5 2. Nf3 g6 3. d4 cxd4 4. Nxd4 Nc6 5. Nc3 Bg7 6. Be3 Nf6 7. Bc4 0-0 8. Bb3 d5 9. exd5 Na5 10. 0-0 Nxb3 11. Nxb3 b6 12. d6 exd6 13. Qf3 Bg4 14. Qg3 Bf5 15. Nd4 Qd7 16. h3 Ne4 17. Nxe4 Bxe4 18. c3 Be5 19. Bf4 Bxd4 20. cxd4 d5 21. Rac1 Rac8 22. Bd6 Rxc1 23. Rxc1 Rc8 24. Rxc8+ Qxc8 25. Qh4 h5 26. Be5 Kh7 27. Qe7 Qg8 28. Qxa7 b5 29. Qb7 g5 30. Qxb5 g4 31. h4 g3 32. fxg3 Qg4 33. Qf1 f5 34. Qc1 f4 35. Qxf4 Qg6 36. Qf6 Qxf6 37. Bxf6 Kg6 38. Be5 Bb1 39. a4 Bc2 40. a5 Bd3 41. Kf2 Kf5 42. Ke3 Ba6 43. Kd2 Ke6 44. g4 hxg4 45. g3 Bb5 46. Kc3 Kd7 47. Kb4 Kc6 48. h5 Bd3 49. h6 Be4 50. Kc3 Kb5 51. b4 Bg6 52. Kd2 1-0